[Event "Spilimbergo op 15th"]
[Site "Spilimbergo"]
[Date "2017.08.12"]
[Round "4"]
[White "Pugnetti, Sergio"]
[Black "Kovacevic, Blazimir"]
[Result "0-1"]
[WhiteElo "2062"]
[BlackElo "2493"]
[PlyCount "114"]
[EventDate "2017.08.10"]
[EventType "swiss"]
[EventRounds "9"]
[EventCountry "ITA"]
[SourceTitle "EXT 2019"]
[Source "ChessBase"]
[SourceDate "2018.10.10"]
[SourceVersion "1"]
[SourceVersionDate "2018.10.10"]
[SourceQuality "1"]

1. d4 e6 2. Nd2 d5 3. Ngf3 Nf6 4. e3 b6 5. Bd3 Bb7 6. 0-0 Nbd7 7. b3 Ne4 8. Bb2 f5 9. Ne5 Nxe5 10. dxe5 Nxd2 11. Qxd2 Be7 12. Bb5+ c6 13. Be2 0-0 14. Rfd1 Qc7 15. c4 c5 16. Bf3 Rad8 17. Qc2 f4 18. e4 d4 19. Qd3 Qxe5 20. Re1 Bc6 21. Rad1 Rf6 22. b4 Rh6 23. bxc5 Bxc5 24. Re2 Qg5 25. e5 Rh3 26. Bxc6 Rxd3 27. Rxd3 Qg6 28. Be4 Qe8 29. Bc1 Qa4 30. Bxf4 Qxc4 31. h4 Ba3 32. g3 Bc1 33. Bxc1 Qxc1+ 34. Kg2 g6 35. Red2 Qe1 36. f3 Qc1 37. f4 b5 38. Rd1 Qc4 39. g4 Qxa2+ 40. R1d2 Qc4 41. Kg3 Qc5 42. g5 a5 43. h5 gxh5 44. Rh2 Rd7 45. Rxh5 a4 46. Kg4 Qc1 47. Rdh3 Qg1+ 48. Rg3 Qd1+ 49. Kh4 d3 50. g6 hxg6 51. Rxg6+ Rg7 52. Rxg7+ Kxg7 53. Rh7+ Kg8 54. Kg5 d2 55. Bg6 Qf3 56. f5 d1Q 57. Kf6 Qd8+ 0-1

[Event "Palmanova op 5th"]
[Site "Palmanova"]
[Date "2016.12.11"]
[Round "6"]
[White "Rossi, Carlo"]
[Black "Pugnetti, Sergio"]
[Result "1-0"]
[WhiteElo "2289"]
[BlackElo "2026"]
[PlyCount "65"]
[EventDate "2016.12.08"]
[EventType "swiss"]
[EventRounds "6"]
[EventCountry "ITA"]
[SourceTitle "CBM 176 Extra"]
[Source "ChessBase"]
[SourceDate "2017.03.02"]
[SourceVersion "1"]
[SourceVersionDate "2017.03.02"]
[SourceQuality "1"]

1. e4 d5 2. exd5 Nf6 3. Bb5+ Bd7 4. Bc4 Bg4 5. f3 Bf5 6. Nc3 Nbd7 7. g4 Nb6 8. Bb3 Bc8 9. d4 Nfxd5 10. Ne4 e6 11. Ne2 Be7 12. c4 Nb4 13. Be3 Bd7 14. a3 Na6 15. Qd3 Ba4 16. Ba2 Qd7 17. N2c3 c5 18. d5 Rd8 19. h4 exd5 20. cxd5 c4 21. Bxc4 Nxc4 22. Qxc4 b5 23. Qd4 f5 24. gxf5 b4 25. Nxa4 Qxa4 26. Qxg7 Rf8 27. f6 Rf7 28. Qg5 Qb3 29. fxe7 Rxd5 30. Qg8+ Kxe7 31. Bg5+ Kd7 32. Qxf7+ Kc6 33. Rc1+ 1-0

[Event "Trieste op 4th"]
[Site "Trieste"]
[Date "2002.11.01"]
[Round "5"]
[White "Pugnetti, Sergio"]
[Black "Arcion, Riccardo"]
[Result "1-0"]
[WhiteElo "1758"]
[BlackElo "1816"]
[PlyCount "71"]
[EventDate "2002.10.26"]
[EventType "swiss"]
[EventRounds "7"]
[EventCountry "ITA"]
[SourceTitle "EXT 2005"]
[Source "ChessBase"]
[SourceDate "2004.11.15"]
[SourceVersion "1"]
[SourceVersionDate "2004.11.15"]
[SourceQuality "1"]

1. e4 c5 2. c3 d5 3. exd5 Qxd5 4. d4 cxd4 5. cxd4 e6 6. Nf3 Nc6 7. Nc3 Bb4 8. Bd3 Nf6 9. 0-0 Bxc3 10. bxc3 0-0 11. Qe2 h6 12. Rd1 Rd8 13. Bb2 Qh5 14. Rac1 Nd5 15. Qe4 Nf6 16. Qf4 Qg4 17. Qxg4 Nxg4 18. c4 Nf6 19. Bb1 Ne8 20. h3 b6 21. d5 exd5 22. cxd5 Ne7 23. d6 Rxd6 24. Be4 Rxd1+ 25. Rxd1 Rb8 26. Be5 Bb7 27. Bxb8 Bxe4 28. Re1 Bxf3 29. Rxe7 Bc6 30. Bxa7 b5 31. Bd4 Nd6 32. Rc7 Be4 33. f3 Bb1 34. a3 Bg6 35. Bc5 Nc4 36. Rb7 1-0

[Event "Trieste op 4th"]
[Site "Trieste"]
[Date "2002.10.27"]
[Round "2"]
[White "Pirona, Dario"]
[Black "Pugnetti, Sergio"]
[Result "0-1"]
[WhiteElo "1812"]
[BlackElo "1758"]
[PlyCount "98"]
[EventDate "2002.10.26"]
[EventType "swiss"]
[EventRounds "7"]
[EventCountry "ITA"]
[SourceTitle "EXT 2005"]
[Source "ChessBase"]
[SourceDate "2004.11.15"]
[SourceVersion "1"]
[SourceVersionDate "2004.11.15"]
[SourceQuality "1"]

1. e4 d5 2. exd5 Nf6 3. d4 Bg4 4. Nf3 Nxd5 5. c4 Nb6 6. Be3 e6 7. Bd3 Nc6 8. Be2 Be7 9. 0-0 Qd7 10. Ne5 Nxe5 11. Bxg4 Nexc4 12. b3 Nd6 13. Nc3 c6 14. Qf3 Bf6 15. Rad1 0-0 16. Qg3 Nd5 17. Nxd5 cxd5 18. Bf4 Ne4 19. Qh3 Rac8 20. Rd3 Rc2 21. a4 Rfc8 22. Bf3 Nd6 23. Be5 Qe7 24. Qg3 Nf5 25. Qh3 Bxe5 26. dxe5 Qg5 27. Bg4 Nh6 28. Bd1 Rc1 29. f4 Qe7 30. g4 Qc5+ 31. Kh1 d4 32. Qf3 b6 33. h3 Rc3 34. Be2 g6 35. Qe4 Rxd3 36. Bxd3 Kf8 37. Bc4 Ke7 38. Rd1 Rd8 39. Kg2 Kf8 40. Kg3 Ng8 41. f5 exf5 42. gxf5 Ne7 43. f6 Nf5+ 44. Kf4 d3 45. Kf3 Qc6 46. Rxd3 Rxd3+ 47. Bxd3 Nd4+ 48. Ke3 Qxe4+ 49. Kxe4 Nxb3 0-1

[Event "Trieste op 4th"]
[Site "Trieste"]
[Date "2002.10.26"]
[Round "1"]
[White "Pugnetti, Sergio"]
[Black "De Val, Daniele"]
[Result "0-1"]
[WhiteElo "1758"]
[BlackElo "1969"]
[PlyCount "143"]
[EventDate "2002.10.26"]
[EventType "swiss"]
[EventRounds "7"]
[EventCountry "ITA"]
[SourceTitle "EXT 2005"]
[Source "ChessBase"]
[SourceDate "2004.11.15"]
[SourceVersion "1"]
[SourceVersionDate "2004.11.15"]
[SourceQuality "1"]

1. e4 Nc6 2. d4 e5 3. dxe5 Nxe5 4. Nf3 Nxf3+ 5. Qxf3 Qf6 6. Be2 Bb4+ 7. c3 Qxf3 8. Bxf3 Bc5 9. 0-0 d6 10. Re1 Ne7 11. Be3 Bxe3 12. Rxe3 Nc6 13. Nd2 Be6 14. Nb3 Bxb3 15. axb3 0-0 16. Be2 a6 17. Bc4 Ne5 18. Bd5 Rab8 19. f4 Ng4 20. Re2 Rfe8 21. Rae1 Re7 22. e5 dxe5 23. Bf3 Nf6 24. Rxe5 Rxe5 25. Rxe5 Kf8 26. Kf2 c6 27. Ke3 Nd7 28. Re4 Nc5 29. Rb4 Rd8 30. Bg4 g6 31. f5 h5 32. Bf3 Rd7 33. fxg6 fxg6 34. Rf4+ Kg7 35. b4 Na4 36. g4 hxg4 37. Bxg4 Re7+ 38. Kd4 Nxb2 39. c4 b6 40. Rf2 Nxc4 41. Bc8 Nd6 42. Bxa6 Nf5+ 43. Kc3 Re3+ 44. Bd3 Kf6 45. Rg2 Re1 46. Kd2 Ra1 47. Be4 Ra2+ 48. Kd3 Ra3+ 49. Kd2 Ra2+ 50. Kd3 Rxg2 51. Bxg2 Ne7 52. Kd4 Ke6 53. Bf3 Kd6 54. Bg2 Nd5 55. Be4 g5 56. Kc4 b5+ 57. Kb3 Ke5 58. Bg6 Nf6 59. Bf7 Ng4 60. Be8 Kd6 61. Bh5 Nxh2 62. Kc3 Nf1 63. Kd3 c5 64. bxc5+ Kxc5 65. Be2 Ng3 66. Bg4 b4 67. Kc2 Ne4 68. Be6 Kd4 69. Bc8 Nc5 70. Bh3 Ke3 71. Kd1 Kf3 72. Bf5 0-1